| 000 | 01058nac a22002771u 4500 | ||
|---|---|---|---|
| 010 | _a013397243 | ||
| 020 | _a9780415389556 (pbk.) | ||
| 022 | _a0415389550 (pbk.) | ||
| 082 |
_a305.3 _bBUT |
||
| 090 |
_c9206 _d9206 |
||
| 100 | _aButler, Judith, | ||
| 245 |
_aGender trouble : feminism and the subversion of identity / _cJudith Butler ; with an |
||
| 260 |
_aNew York ; London : _bRoutledge, C.1990 (2006 printing) _cC.1990 (2006 printing) |
||
| 300 |
_axxxvi, 236 p. ; _c20 cm. |
||
| 490 | _a( Routledge classics) | ||
| 500 | _aintroduction by the author. | ||
| 500 | _aFormerly CIP. Uk | ||
| 500 | _aDistributer: Academic Bookshop. | ||
| 504 | _aIncludes bibliographical references and index. | ||
| 511 | _aCatalogued By: Mahitab. | ||
| 650 | _aFeminist theory. | ||
| 650 | _aSex differences (Psychology) | ||
| 650 | _aIdentity (Psychology) | ||
| 942 |
_cBB _k305.3 BUT |
||
| 999 |
_c9206 _d9206 |
||